000 00410nam a2200169Ia 4500
001 15071
003 IN-NITTTR
005 20251114233142.0
008 251113s9999||||xx |||||||||||||| ||eng||
040 _beng
040 _cIN-NITTTR
041 _aeng
082 _a006.33 P759E
100 _aPolitakis, Peter G.
245 0 _aEmpirical analysis for expert systems /
_cPolitakis, Peter G.
942 _2ddc
_cBK
999 _c17706
_d17706